The Metropolitan buildings act, 7 & 8 Vict. Cap. lxxxiv (Record no. 114210)

MARC details
000 -LEADER
fixed length control field 00687cam a22002055a 4500
001 - CONTROL NUMBER
control field L156362
008 - FIXED-LENGTH DATA ELEMENTS--GENERAL INFORMATION
fixed length control field 120515s1845 xxk f 000 0 eng d
035 ## - SYSTEM CONTROL NUMBER
System control number (Sirsi) u156362
041 0# - LANGUAGE CODE
Language code of text/sound track or separate title eng
100 1# - MAIN ENTRY--PERSONAL NAME
Personal name Chambers, Thomas
Titles and words associated with a name Sir
Dates associated with a name 1814-1891
245 04 - TITLE STATEMENT
Title The Metropolitan buildings act, 7 & 8 Vict. Cap. lxxxiv
Remainder of title with notes and cases explanatory of its law and practice
250 ## - EDITION STATEMENT
Edition statement 2nd ed.
260 ## - PUBLICATION, DISTRIBUTION, ETC.
Place of publication, distribution, etc. London
Name of publisher, distributor, etc. Lumley
Date of publication, distribution, etc. 1865 [i.e. 1845]
300 ## - PHYSICAL DESCRIPTION
Extent xii, 196 p.
Other physical details ill.
Dimensions 19 cm.
583 ## - ACTION NOTE
Action Condition reviewed
Time/date of action 20120620
Status condition level 1
651 #4 - SUBJECT ADDED ENTRY--GEOGRAPHIC NAME
Geographic name Great Britain
Chronological subdivision 1707-
690 ## - LOCAL SUBJECT ADDED ENTRY--TOPICAL TERM (OCLC, RLIN)
Topical term or geographic name as entry element Construction management
9 (RLIN) 6230
700 1# - ADDED ENTRY--PERSONAL NAME
Personal name Tattersall, George
Dates associated with a name 1817-1849
942 ## - ADDED ENTRY ELEMENTS (KOHA)
Suppress in OPAC 0
Holdings
Withdrawn status Lost status Source of classification or shelving scheme Damaged status Not for loan Home library Current library Shelving location Date acquired Total Checkouts Full call number Barcode Date last seen Copy number Price effective from Koha item type
    Dewey Decimal Classification     Historic collection Historic collection Historic collection 15/05/2012   OCTAVO 1845 CHAMBERS 30076786 06/08/2019 1 06/08/2019 Book